Shaping structures : (Record no. 130727)

MARC details
000 -LEADER
fixed length control field 00784cam a2200253 a 4500
008 - FIXED-LENGTH DATA ELEMENTS--GENERAL INFORMATION
fixed length control field
020 ## - INTERNATIONAL STANDARD BOOK NUMBER
International Standard Book Number 0471169684 (hbk.)
049 ## - LOCAL HOLDINGS (OCLC)
Holding library MAIN
090 ## - LOCALLY ASSIGNED LC-TYPE CALL NUMBER (OCLC); LOCAL CALL NUMBER (RLIN)
Classification number (OCLC) (R) ; Classification number, CALL (RLIN) (NR) TA648
Local cutter number (OCLC) ; Book number/undivided call number, CALL (RLIN) ZAL
003 - CONTROL NUMBER IDENTIFIER
control field
005 - DATE AND TIME OF LATEST TRANSACTION
control field 20230123122252.0
040 ## - CATALOGING SOURCE
Transcribing agency NUST
100 1# - MAIN ENTRY--PERSONAL NAME
Personal name Zalewski, Wac�aw
245 10 - TITLE STATEMENT
Title Shaping structures :
Remainder of title statics /
Statement of responsibility, etc. Waclaw Zalewski and Edward Allen ; drawings by Joseph Iano
260 ## - PUBLICATION, DISTRIBUTION, ETC.
Place of publication, distribution, etc. New York :
Name of publisher, distributor, etc. Wiley,
Date of publication, distribution, etc. c1998
300 ## - PHYSICAL DESCRIPTION
Extent vii, 408 p. :
Other physical details ill. ;
Dimensions 23 x 28 cm
504 ## - BIBLIOGRAPHY, ETC. NOTE
Bibliography, etc. note Includes bibliographical references (p. 404-405)
500 ## - GENERAL NOTE
General note Includes index.
650 #0 - SUBJECT ADDED ENTRY--TOPICAL TERM
Topical term or geographic name entry element Structural analysis (Engineering)
650 #0 - SUBJECT ADDED ENTRY--TOPICAL TERM
Topical term or geographic name entry element Statics
700 1# - ADDED ENTRY--PERSONAL NAME
Personal name Allen, Edward,
Dates associated with a name 1938-
907 ## - LOCAL DATA ELEMENT G, LDG (RLIN)
a .b10381855
b 25-08-17
c 25-08-17
942 ## - ADDED ENTRY ELEMENTS (KOHA)
Koha item type Ordinary Loan Books
Call number prefix TA648
Call number suffix ZAL
Holdings
Date last seen Total Checkouts Full call number Barcode Cost, replacement price Price effective from Koha item type Lost status Source of classification or shelving scheme Damaged status Not for loan Collection Withdrawn status Home library Current library Shelving location Date acquired Cost, normal purchase price
01/23/2023   TA648 ZAL 92004042711 80.00 01/23/2023 BOOKS   LCC     NFIC   MAIN MAIN GEN 01/23/2023 80.00